Ekonomika a manažment podniku po vstupe Slovenskej republiky do EÚ zborník z medzinárodného vedeckého seminára

Gespeichert in:
Bibliographische Detailangaben
Körperschaften: Ekonomika a manažment podniku po vstupe Slovenskej republiky do EÚ. Medzinárodný vedecký seminár, Ekonomická univerzita v Bratislave. Fakulta podnikového manažmentu
Format: Buch
Sprache:Deutsch
Veröffentlicht: Bratislava [Vydavateľstvo EKONÓM] 2006
Schlagworte:
Tags: Tag hinzufügen
Keine Tags, Fügen Sie das erste Tag hinzu!

MARC

LEADER 00000nlm$a2200000$$$4500
001 0050017
005 20240104113621.8
020 |a 80-225-2241-4 
041 0 |a ger 
044 |a SK 
245 1 0 |a Ekonomika a manažment podniku po vstupe Slovenskej republiky do EÚ  |b zborník z medzinárodného vedeckého seminára 
264 1 |a Bratislava  |b [Vydavateľstvo EKONÓM]  |c 2006 
300 |a CD-ROM 
610 2 0 |a riadenie podnikové 
610 2 0 |a Slovensko 
610 2 0 |a Európska únia 
610 2 0 |a 2006 
110 2 |a Ekonomika a manažment podniku po vstupe Slovenskej republiky do EÚ. Medzinárodný vedecký seminár 
710 2 |a Ekonomická univerzita v Bratislave. Fakulta podnikového manažmentu